00000000nam 2200000za 4500
0019.675278
003CaOODSP
00520250307091928
007cr |||||||||||
008150407|2007||||xxc|||||o    f|0| 0 spa d
040 |aCaOODSP|bfre
043 |an-cn---
0861 |aFR5-54/2007Spa-PDF|zFR5-54/2007Sp-PDF
1101 |aCanada. |bAffaires étrangères et commerce international Canada.
24510|a[Rapport du Canada sur la mise en oeuvre des compromis du quatrième Sommet des Amériques] |h[ressource électronique].
250 |a[Édition espagnol].
260 |aOttawa - Ontario : |bAffaires étrangères et Commerce international |c22 mai 2007.
300 |a17p.
500 |aPublié aussi en français sous le titre : Rapport du Canada sur la mise en oeuvre des compromis du quatrième Sommet des Amériques.
546 |aTexte en espagnol.
590 |a11-07-Supp|b2011-05-17
69107|aPolitique étrangère|2gcpds
77508|tRapport du Canada sur la mise en oeuvre des compromis du quatrième Sommet des Amériques |w(CaOODSP)9.638770
791 |t[National report of Canada on the implementation of commitments from the fourth Summit of the Americas] |eeng|w(CaOODSP)9.675277
85640|ahttp://publications.gc.ca|qPDF|s97 Ko|uhttps://publications.gc.ca/collections/collection_2011/aecic-faitc/FR5-54-2007-spa.pdf